| 000 | 00802nam a2200253Ia 4500 | ||
|---|---|---|---|
| 003 | OSt | ||
| 005 | 20220923211229.0 | ||
| 006 | a|||||r|||| 00| 0 | ||
| 007 | ta | ||
| 008 | Pun | ||
| 020 |
_a9788171165971 (hbk) _c600 |
||
| 024 | _a272,823 | ||
| 037 |
_b665, 03/06/2013, H.K. Prakashan _cTextual |
||
| 040 |
_aARTS _cARTS _bPun |
||
| 041 |
_2Pun _aPun |
||
| 082 | _aO153,1v, Q2 | ||
| 100 | _aਸਿੰਘ, ਅਵਤਾਰ | ||
| 245 | 0 | _aਪੰਜਾਬੀ ਮਹਾਂਕਵਿ ਦਾ ਵਿਕਾਸ | |
| 260 |
_aਦਿੱਲੀ _b ਨੈFਨਲ ਬੁੱਕ Fਾਪ _c2012 |
||
| 300 |
_a208ਪੰ _ccm. |
||
| 650 | _aਪੰਜਾਬੀ ਸਾਹਿਤ | ||
| 942 |
_hO153,1v, Q2 _cTEXL _2CC |
||
| 999 |
_c297337 _d297337 |
||